The Last Time Every Current NHL Team Was In The Stanley Cup Finals - Statistics

General Stats
  • This quiz has been taken 57 times
  • The average score is 22 of 27
Answer Stats
Year Team % Correct
2025 Edmonton Oilers
100%
2025 Florida Panthers
100%
2023 Vegas Golden Knights
97%
2021 Montréal Canadiens
92%
2018 Washington Capitals
92%
2022 Colorado Avalanche
90%
2020 Dallas Stars
90%
2022 Tampa Bay Lightning
90%
2019 St. Louis Blues
87%
2011 Vancouver Canucks
87%
2019 Boston Bruins
85%
2017 Pittsburgh Penguins
85%
2015 Chicago Blackhawks
82%
2014 Los Angeles Kings
82%
2014 New York Rangers
82%
1967 Toronto Maple Leafs
82%
2009 Detroit Red Wings
79%
2004 Calgary Flames
77%
2017 Nashville Predators
77%
1984 New York Islanders
77%
2016 San Jose Sharks
77%
2007 Anaheim Ducks
74%
2007 Ottawa Senators
74%
2010 Philadelphia Flyers
72%
1999 Buffalo Sabres
67%
2006 Carolina Hurricanes
67%
2012 New Jersey Devils
67%
No matching quizzes found
Score Distribution
Percent of People with Each Score
Percentile by Number Answered
Your Score History
You have not taken this quiz